| 000 | 00632nam a2200217 4500 | ||
|---|---|---|---|
| 003 | OSt | ||
| 005 | 20260601193847.0 | ||
| 008 | 260422b1967 nyua|||| |||| 00| 0 eng d | ||
| 040 |
_aICI _bspa _cICI |
||
| 050 |
_aNC997 _bE47 1967 |
||
| 100 | 1 |
_aEksell, Olle _d1918 _931658 |
|
| 245 | 1 |
_aCorporate Design Programs _ctranslated from the swedish by Charles Harrison-Wallace. |
|
| 264 |
_bSutudio Vista _c1967 _aLondon |
||
| 300 | _a96 páginas | ||
| 336 |
_atexto _2rdacontent |
||
| 337 |
_asin medio _2rdamedia |
||
| 338 |
_avolumen _2rdacarrier |
||
| 650 | _aArte comercial | ||
| 650 |
_aArtes gráficas _xTécnica |
||
| 942 |
_2ddc _cB |
||
| 999 |
_c21698 _d21698 |
||